1123 1122 1532 1618 1649 1616 1541 1787 1351 1519 1593 1956 1253 1804 1528 1189 1323 1603 1019 1873 1221 1791 1768 1216 1887 1372 1439 1733 1088 1640 1755 1269 1142 1932 1093 1830 1292 1076 1197 1179 1027 1564 1880 1158 1834 1585 1629 1666 1726 1933 1402 1133 1383 1756 1501 1664 1486 1995 1524 1333 1952 1946 1773 1350 1209 1318 1045 1307 1660 1008 1998 1690 1899 1849 1837 1781 1099 1368 1338 1370 1001 1159 1139 1475 1529 1961 1155 1009 1334 1477 1039 1960 1984 1011 1045 1869 1070 1093 1495 BCNSPRNW ULIB Ver.6.0+V

เปลี่ยนเป็นภาษาไทย

Change to English
 แสดงรายละเอียดบรรณานุกรม
  กลับหน้าหลัก

Brief Record : Get Marc (ISO 2709) : E-mail record : QR code < ปิดหน้าต่าง
LEADER : 00000nam 2200000uu 4500
001    13399110521
003     ULIB
008    110602s2011||||th 000 0 eng d
020    1582557357
024    9781582557359
060  4 WY100^bL989t 2011
100 0  Lynn,Pamela Barbara
245 00 Taylor s handbook of clincal nursing skills/^cPamela Barbara Lynn
260    Philadelphia:^bWolters Kluwer Health,^c2011
300    990 p:^bill
650  7 Clinical nursing skills
945    ^p1400^l0^i030112
995    Kesorn
999 ^a ใช้งานได้ทุกระบบ
รายการนี้ยังไม่มีแท็ก
คุณยังไม่ได้ล็อกอิน คุณสามารถมีกิจกรรมร่วมกับเว็บไซต์ได้ แต่ต้องล็อกอินก่อน ::
  ล็อกอิน

รายการสื่อสารสนเทศ

ลำดับที่ ประเภท เลขเรียก/บาร์โค้ด สถานที่ สถานะ
- ไม่พบข้อมูล -

BibComment


ยังไม่เคยถูกคอมเมนท์

คอมเมนท์ทรัพยากรรายการนี้
  คอมเมนท์: Taylor s handbook..


 Copyright 2026. Bcnsprnw @Library